000 00721nam a2200241Ia 4500
003 OSt
005 20220923225545.0
006 a|||||r|||| 00| 0
007 ta
008 Pun
024 _a271,250
037 _cTextual
040 _aARTS
_cARTS
_bPun
041 _2Pun
_aPun
082 _aDelta25, 153L3
100 _aਸਿੰਘ, ਸਾਹਿਬ
245 0 _aਸਿਮਰਨ ਦੀਆਂ ਬਰਕਤਾਂ ਤੇ ਹੋਰ ਲੇਖ
260 _aਅੰਮ੍ਰਿਤਸਰ
_b ਸਿੰਘ ਬ੍ਰਦਰਗ਼
_c1973
300 _a192ਪੰ
_ccm.
650 _aਅਧਿਆਤਮਵਾਦ
942 _hDelta25, 153L3
_cTEXL
_2CC
999 _c379096
_d379096